| 000 | 00663 a2200193 4500 | ||
|---|---|---|---|
| 010 | _aENG-89018 | ||
| 020 |
_c395.00 _a8125033890 |
||
| 035 | _aEN-72551 | ||
| 037 | _bDBAD / PUB | ||
| 082 | 1 | 4 | _a634.9209034 |
| 090 |
_c9836 _d9836 |
||
| 100 | _aRavi Rajan, S. | ||
| 245 | 1 |
_aModernizing nature : _cby S. Ravi Rajan _bforestry and imperial eco-development 1800-1950 / |
|
| 260 |
_aNew Delhi _bOrient Longman _c2006 |
||
| 270 |
_a1/24, Asaf Ali Road, _bNew Delhi _e110 002 |
||
| 300 |
_c22 cm ( Pbk.) _bxx, 286p. |
||
| 942 |
_cEN _adpl _k634.9209034 / RAV |
||
| 999 |
_c9657 _d9657 |
||